| 000 | 00409nam a2200169Ia 4500 | ||
|---|---|---|---|
| 008 | 230524s9999 xx 000 0 und d | ||
| 020 | _a8187433221 | ||
| 082 | _bNAK | ||
| 100 |
_aC.P.Nakra _942721 |
||
| 245 | 0 | _aBasic Automobile Engineering | |
| 250 | _a18 | ||
| 260 |
_aNew Delhi _bLaxmi Publi. _c2015 |
||
| 300 | _a"XIII,839p;" | ||
| 500 | _aQuantity Number: 1 | ||
| 650 | _aMechanics | ||
| 942 | _cBK | ||
| 999 |
_c57705 _d57705 |
||